SPSS professional statistics 7.5

Αποθηκεύτηκε σε:
Λεπτομέρειες βιβλιογραφικής εγγραφής
Κύριος συγγραφέας: Norusis, M. J. (Marija J.), 1948-
Συγγραφή απο Οργανισμό/Αρχή: SPSS Inc
Μορφή: Βιβλίο
Γλώσσα:English
Δημοσίευση: Chicago, Ill. : SPSS Inc., c1997
Θέματα:
Ετικέτες: Προσθήκη ετικέτας
Δεν υπάρχουν, Καταχωρήστε ετικέτα πρώτοι!

MARC

LEADER 00000cam a2200000 i 4500
001 1/54939
008 070914s1997 eng d
020 |a 0-13-656935-8 
035 |l 10090719 
040 |a GR-MY-UA  |b gre  |e aacr 
041 0 |a eng 
082 0 |a 005.55  |2 (22) 
100 1 |a Norusis, M. J.   |q (Marija J.),   |d 1948- 
245 1 0 |a SPSS professional statistics 7.5 /  |c Marija J. Norusis, SPSS Inc 
260 |a Chicago, Ill. :   |b SPSS Inc.,   |c c1997 
300 |a xi, 276 σ.;  |b εικ.;  |c 23 εκ. 
504 |a Βιβλιογραφία : σ.259-261. Ευρετήριο 
630 0 0 |a SPSS for Windows. 
650 0 0 |a Social sciences  |x Statistical methods  |x Computer programs. 
710 2 |a SPSS Inc. 
852 |a INST  |b CHIOS  |e 20070914  |h 005.55 NOR  |p 005200028880  |q 005200028880  |t BK  |y 0 
901 |a BIBL2-2007-3 
909 |a Χ  |b 131215 
970 |a ΒΑΡΦΗΣ  |b ΒΑΓΓΕΛΗΣ  |z 2007/09/14